Učitavanje...
Manmaranja Sahithyakaranmar.
| Glavni autor: | |
|---|---|
| Format: | Printed Book |
| Teme: |
| LEADER | 00515nam a22001217a 4500 | ||
|---|---|---|---|
| 082 | |a 928.94812 |b KRI/M | ||
| 100 | |a കൃഷ്ണ വാര്യർ , പി വി. Krishna varier, P V | ||
| 245 | |a Manmaranja Sahithyakaranmar. |c പി വി കൃഷ്ണ വാര്യർ. P V Krishna varier. | ||
| 300 | |a 293p. : | ||
| 650 | |a Biography. | ||
| 942 | |c BK | ||
| 999 | |c 311394 |d 311394 | ||
| 952 | |0 0 |1 0 |4 0 |6 928_948120000000000_KRI_M |7 0 |8 NFIC |9 332907 |a SAN |b SAN |c GEN |d 2020-11-17 |l 0 |o 928.94812 KRI/M |p SAN771 |r 2020-11-17 |w 2020-11-17 |y BK | ||